Zvýšenie platových tried

Bibliographic Details
Format: Article
Language:Slovak
ISSN:1335-1796
Subjects:

MARC

LEADER 00000nab a2200000 ar4500
001 vtls008853957
003 SK-MaSNL
005 20260303062244.0
008 061011c2006 xo qr|p|||||||000 b|slo
015 |a SNBRB2006/10 
038 |a SNKBUCL 
040 |a SNKBUCL  |b slo  |e AACR2  |c SNKBUCL 
041 0 |a slo 
044 |a xo  |c SK 
080 |a 331.2  |2 1997 
080 |a 37  |2 1997 
245 0 0 |a Zvýšenie platových tried 
650 0 7 |a platové triedy  |2 snkbucl  |9 1057705 
650 0 7 |a školstvo  |2 snkbucl  |9 19712 
773 0 |t Škola  |g Roč. XI, č. 4 (2006), s. 53-55  |x 1335-1796 
852 |a SNK  |b KIS3GCP 
958 |a SK 
999 |c 1738563  |d 1740493